Practical Printmaking (Record no. 14377)

MARC details
000 -LEADER
fixed length control field 00352nam a2200145Ia 4500
008 - FIXED-LENGTH DATA ELEMENTS--GENERAL INFORMATION
fixed length control field 230312s9999||||xx |||||||||||||| ||und||
020 ## - INTERNATIONAL STANDARD BOOK NUMBER
International Standard Book Number 978-0713688092
082 ## - DEWEY DECIMAL CLASSIFICATION NUMBER
Classification number 760.28
Item number GAL-P
100 ## - MAIN ENTRY--PERSONAL NAME
Personal name Gale;Colin
245 #0 - TITLE STATEMENT
Title Practical Printmaking
260 ## - PUBLICATION, DISTRIBUTION, ETC.
Name of publisher, distributor, etc. A&C Black
Place of publication, distribution, etc. London
Date of publication, distribution, etc. 2009
300 ## - PHYSICAL DESCRIPTION
Extent 160
650 ## - SUBJECT ADDED ENTRY--TOPICAL TERM
Topical term or geographic name entry element Architecture
Form subdivision Printing
942 ## - ADDED ENTRY ELEMENTS (KOHA)
Koha item type BOOK
Holdings
Withdrawn status Lost status Source of classification or shelving scheme Damaged status Not for loan Home library Current library Date acquired Total Checkouts Full call number Barcode Date last seen Price effective from Koha item type
    Dewey Decimal Classification     Superior Information Resource Center (SIRC) Superior University- Main Campus Superior Information Resource Center (SIRC) Superior University- Main Campus 03/13/2023   760.28 GAL-P 14512 03/13/2023 03/13/2023 BOOK

Powered by Koha